Biblioteca

Misión y comunicación (Registro nro. 52001)

Detalles MARC
000 -LÍDER
Campo fijo de descripción fija 01458aab a2200205 i 4500
001 - NÚMERO DE CONTROL
Campo de control 768714001
003 - IDENTIFICADOR DEL NÚMERO DE CONTROL
Campo de control CO-MdFUSB
005 - FECHA Y HORA DE LA ULTIMA TRANSACCIÓN
control field 20250729152351.0
008 - ELEMENTOS DE LONGITUD FIJA -- INFORMACIÓN GENERAL
Campo fijo de descripción fija -- Información general 250729t1993 ag ||||| |||| 00| 0 spa d
040 ## - FUENTE DE CATALOGACIÓN
Idioma de catalogación spa
Agencia que realiza la transcripción CO-MdFUSB
100 1# - ASIENTO PRINCIPAL--NOMBRE PERSONAL
Nombre personal Padilla, C. René
Término relacionador autor
245 10 - TÍTULO
Título Misión y comunicación
Mención de responsabilidad / René Padilla
300 ## - DESCRIPCIÓN FÍSICA
Extensión Volumen 12, número 3 (julio - septiembre, 1993), páginas 4-5
Dimensiones ; 27 cm
520 ## - NOTA DE RESUMEN, ETC.
Nota de sumario, etc. Los medios de comunicación social han sido fundamentales en la formación del mundo moderno, al difundir valores y actitudes propios de la sociedad contemporánea. Desde una perspectiva cristiana, la comunicación tiene su origen en Dios, quien se revela a través de la palabra y la acción, culminando en la encarnación de Jesucristo como el modelo perfecto de comunicación basada en la verdad, el amor, la justicia y la libertad.<br/><br/>Esta visión plantea un desafío: ¿es posible comunicar el evangelio mediante medios que suelen ser impersonales, manipuladores y orientados al consumo? Mientras los medios modernos tienden al monólogo y a condicionar conductas, el evangelio demanda una comunicación personal y transformadora, que despierte una respuesta consciente al llamado de Dios.
650 #0 - ASIENTO SECUNDARIO DE MATERIA - TERMINO TEMÁTICO
Término temático o nombre geográfico como elemento de entrada Evangelización
9 (RLIN) 362
653 ## - TÉRMINO DE INDIZACIÓN - NO CONTROLADO
Término no controlado Medios de comunicación
773 0# - ASIENTO DE ITEM FUENTE
Título Iglesia y Misión
Biblionumber 49402
Itemnumber 59656
Parte(s) relacionada(s) / Volumen., número. (mes año), páginas Volumen 12, número 3 (julio - septiembre, 1993), páginas: 4 - 5
Enumeración y primera página páginas: 4
942 ## - TIPO DE MATERIAL (KOHA)
Tipo de Item KOHA Artículos de Revista
945 ## - INFORMACIÓN LOCAL DEL REGISTRO
Catalogador JTF-925
Existencias
Expurgo - (Retirado) Estado de Perdido Estado de Dañado No prestable Colección Ubicación habitual Ubicación actual Fecha de Adquisición Signatura Topográfica Tipo de Material
        Colección de Hemeroteca Biblioteca FUSBC Biblioteca FUSBC 26/01/2016 Artículos de Revista

Biblioteca FUSBC | Teléfono: (57+4) 349 88 10 Ext. 141| WhatsApp (+57) 3005338115 
E-mail: biblioteca@unisbc.edu.co | Calle 76 87-14 Robledo Palenque, Medellín, Colombia

Con tecnología Koha